000 00678nam a22002177a 4500
999 _c18263
_d18263
003 AR-CdUCM
008 190513b ||||| |||| 00| 0 spa d
040 _aMUNICIPALIDAD PROVINCIAL DEL CUSCO
_cBIBLIOTECA MUNICIPAL DEL CUSCO
082 _a985.009 /
_bG934
100 _aGuerra Martiniere, Margarita
_916940
245 _aAgustin Gamarra /
260 _aLima :
_c1964.
300 _a108 páginas ;
_c20 cm.
440 _aBibliotecas hombres del Perú
_938747
505 _aContenido: Biografía de Agustin Gamarra.
650 _aBiografía de Agustin Gamarra
_938748
650 _aPerú
_935
650 _aSiglo XX
_98
942 _2ddc
_cLIBROS
945 _adavv
_d2019-05-13